|
|
|
|
| LEADER |
00000nam2a2200000 4500 |
| 001 |
60622 |
| 005 |
20231031061702.0 |
| 035 |
|
|
|a (RuTPU)RU\TPU\book\64108
|
| 090 |
|
|
|a 60622
|
| 100 |
|
|
|a 20040216d2003 k y0rusy50 ca
|
| 101 |
0 |
|
|a rus
|a eng
|
| 102 |
|
|
|a RU
|
| 105 |
|
|
|a a z 101zy
|
| 200 |
0 |
|
|a Т. 1
|
| 210 |
|
|
|d 2003
|
| 215 |
|
|
|a 184 с.
|c ил.
|
| 320 |
|
|
|a Авторский указатель: с. 167-183
|
| 461 |
|
1 |
|0 (RuTPU)RU\TPU\book\64258
|t Металлургия цветных и редких металлов
|o Материалы II Международной конференции, Красноярск, 9-12 сентября 2003 г.
|o В 2 т.
|f Российская академия наук; Администрация Красноярского края и др.
|v Т. 1
|d 2003-
|
| 610 |
1 |
|
|a металлургия
|
| 610 |
1 |
|
|a цветные металлы
|
| 610 |
1 |
|
|a редкие металлы
|
| 610 |
1 |
|
|a радиоактивные металлы
|
| 610 |
1 |
|
|a цветная металлургия
|
| 610 |
1 |
|
|a экологические проблемы
|
| 610 |
1 |
|
|a руды
|
| 610 |
1 |
|
|a извлечение
|
| 610 |
1 |
|
|a вторичное сырье
|
| 610 |
1 |
|
|a техногенное сырье
|
| 610 |
1 |
|
|a радиоактивные отходы
|
| 610 |
1 |
|
|a захоронения
|
| 610 |
1 |
|
|a конференции
|
| 610 |
1 |
|
|a Красноярск
|
| 610 |
1 |
|
|a пленарные доклады
|
| 675 |
|
|
|a 669.2(063)
|v 3
|
| 675 |
|
|
|a 669.85/.86(063)
|v 3
|
| 801 |
|
1 |
|a RU
|b 63413507
|c 20040216
|g PSBO
|
| 801 |
|
2 |
|a RU
|b 63413507
|c 20090605
|g PSBO
|
| 942 |
|
|
|c BK
|